LEADER 00884nam0-22002771i-450- 001 990000245620403321 005 20001010 035 $a000024562 035 $aFED01000024562 035 $a(Aleph)000024562FED01 035 $a000024562 100 $a20001010d--------km-y0itay50------ba 101 0 $aita 105 $ay-------001yy 200 1 $aArchitettura pratica$evolume quinto, tomo primo$ecostruzione degli edifici$ezione prima$ela produzione edilizia$ese-zione seconda$ela progettazione architet- tonica. 210 $aTorino$cUnione Tipografico-Editrice Torinese$dc1976. 215 $a802 p. ill. 26 cm 700 1$aCarbonara,$bPasquale$02209 801 0$aIT$bUNINA$gRICA$2UNIMARC 901 $aBK 912 $a990000245620403321 952 $a12 MTD 334$bMTD 2393/3332$fDARPU 959 $aDARPU 996 $aArchitettura pratica$975595 997 $aUNINA DB $aING01 LEADER 01468nas 2200481-a 450 001 996202382603316 005 20240413021642.0 035 $a(CKB)963018277150 035 $a(CONSER)---96646933- 035 $a(EXLCZ)99963018277150 100 $a19931102b19932001 k-- a 101 0 $aeng 181 $ctxt$2rdacontent 182 $cc$2rdamedia 183 $acr$2rdacarrier 200 00$aAdvertising age's creativity 210 $aNew York? $c[Crain Communications]$d1993-2001 215 $a1 online resource 300 $aTitle from cover. 311 08$aPrint version: Advertising age's creativity. 1072-9119 (DLC) 96646933 (OCoLC)29236095 517 3 $aCreativity 531 $aADVERTISING AGES CREATIVITY 531 0 $aAdvert. age's creat. 606 $aAdvertising$vPeriodicals 606 $aCommercial art$vPeriodicals 606 $aPublicité$vPériodiques 606 $aArt publicitaire$vPériodiques 606 $aAdvertising$2fast$3(OCoLC)fst00797511 606 $aCommercial art$2fast$3(OCoLC)fst00869331 608 $aPeriodicals.$2fast 608 $aPeriodicals.$2lcgft 615 0$aAdvertising 615 0$aCommercial art 615 6$aPublicité 615 6$aArt publicitaire 615 7$aAdvertising. 615 7$aCommercial art. 676 $a659.1/05 906 $aJOURNAL 912 $a996202382603316 920 $aexl_impl conversion 996 $aAdvertising age's creativity$92558999 997 $aUNISA